| 000 | 00517nam a2200205Ia 4500 | ||
|---|---|---|---|
| 005 | 20240823012556.0 | ||
| 008 | 240823s9999||||xx |||||||||||||| ||und|| | ||
| 020 | _a81-203-2289-4 | ||
| 041 | _aENGLISH | ||
| 082 | _A005.4469 P3 | ||
| 100 | _a"Davies,Joseph" | ||
| 245 | 0 | _aMicrosoft Windows Server 2003 : TCP/IP Protocols and Services | |
| 250 | _a1st | ||
| 260 |
_c2003 _b"PHI,New D" |
||
| 500 | _aYES | ||
| 650 |
_aServer _bComputer Science |
||
| 700 | _a" Lee,Thomas H" | ||
| 942 | _cBK | ||
| 999 |
_c164796 _d164796 |
||